Letter from the secretary of the treasury, transmitting statements from The Commissioner of the General Land Office, In relation to the operations of the several Land Offices under the provisions of the act of the 2d March, 1821, for the relief of purchasers of the public lands, prior to 1st July, 1820; Rendered in pursuance of a resolution of the House of Representatives of 29th December last.

Bibliographic Details
Corporate Authors: United States. Department of the Treasury, ProQuest (Firm)
Format: eBook
Language:English
Published: Washington : [publisher not identified], 1823.
Series:United States congressional serial set.
Subjects:
Online Access:Connect to the full text of this electronic book

MARC

Tag First Indicator Second Indicator Subfields
LEADER 00000cam a22000001a 4500
001 in00002808613
005 20190331183637.0
006 m o d
007 cr un mmmapmmp
008 081222s1823 dcud o f000 0 eng d
035 |a cis2004303627 
040 |a UMI  |c UMI  |d UtOrBLW 
043 |a n-us--- 
099 |a ProQuest Serial Set Number 81 H.doc.87 
110 1 |a United States.  |b Department of the Treasury. 
245 1 0 |a Letter from the secretary of the treasury, transmitting statements from The Commissioner of the General Land Office, In relation to the operations of the several Land Offices under the provisions of the act of the 2d March, 1821, for the relief of purchasers of the public lands, prior to 1st July, 1820; Rendered in pursuance of a resolution of the House of Representatives of 29th December last. 
246 1 |a Operations of several Land Offices under act for relief of purchasers of public lands 
264 1 |a Washington :  |b [publisher not identified],  |c 1823. 
300 |a 1 online resource. 
336 |a text  |b txt  |2 rdacontent 
337 |a computer  |b c  |2 rdamedia 
338 |a online resource  |b cr  |2 rdacarrier 
490 0 |a H.doc.87 
500 |a Record is based on bibliographic data in ProQuest U.S. Serial Set Digital Collection (last viewed Dec. 2008). Reuse except for individual research requires license from ProQuest, LLC. 
510 3 |a ProQuest U.S. Serial Set Digital Collection 
500 |a Electronic resource. 
610 1 0 |a United States.  |b General Land Office. 
650 0 |a Land tenure. 
650 0 |a Public lands. 
655 7 |a Electronic books.  |2 local 
710 2 |a ProQuest (Firm) 
830 0 |a United States congressional serial set. 
856 4 0 |u http://proxy.library.tamu.edu/login?url=http://congressional.proquest.com/congcomp/getdoc?SERIAL-SET-ID=81+H.doc.87  |z Connect to the full text of this electronic book  |t 0 
999 |a MARS 
999 f f |s a1c7dac2-1694-35d3-b429-9f50f3376cab  |i 0cc91487-8d6e-300f-a2b7-7f02ffb50deb  |t 0 
952 f f |a Texas A&M University  |b College Station  |c Electronic Resources  |d Available Online  |t 0  |e ProQuest Serial Set Number 81 H.doc.87  |h Other scheme 
998 f f |a ProQuest Serial Set Number 81 H.doc.87  |t 0  |l Available Online